Prueba de Salta - Estadísticas

Estadísticas generales
  • Esta prueba ha sido intentada 25 veces
  • La puntuación promedio es 8 de 16
Estadísticas de respuestas
Pregunta Respuesta % Correcto
Capital Salta
96%
Gentilicio Salteño
92%
Esta provincia se separó de Salta el 22 de noviembre de 1834 Jujuy
88%
Este tren transita el viaducto La Polvorilla Tren a las {Nubes}
79%
Nombre artístico de Oscar Esperanza Palavecino {Chaqueño} Palavecino
71%
Esta "ruta más larga del país" pasa por esa ciudad Ruta 40
71%
Esta ciudad es famosa por su Museo de la Vid y el Vino y quebradas Cafayate
58%
Esta calle en la capital es el epicentro de la vida nocturna Balcarce
46%
Este prócer tiene su día feriado el 17 de junio Martín Miguel de Güemes
42%
En esa región se descubrieron 3 de estos objetos bien conservados Momias
42%
En el nombre de este volcán el dígrafo ll aparece 3 veces Llullaillaco
38%
La fiesta nacional de este alimento se celebra el julio en Chicoana Tamal
29%
La ruta de ese tren continúa hacia esta ciudad chilena Antofagasta
25%
Año de su declaración de autonomía 1836
17%
Nombre familiar de la etnia likanantai Atacameños
17%
Este museo tiene la abreviatura MAAM Museo de Arqueología de Alta Montaña
17%
No se encontraron pruebas coincidentes
Distribución de puntuación
Porcentaje de gente con cada puntuación
Porcentaje por número respondido
Historial de tus puntuaciones
No has intentado esta prueba.